Statistics for 22 Countries Never Invaded by Britain (Difficult)

Click here to take the quiz!

General Stats

  • This quiz has been taken 44 times
  • The average score is 13 of 22

Answers on the Map

Answers color-coded by a green-red scale on the quiz's map according to % correct below.
 

Answer Stats

Country% Correct
Vatican City
83%
Andorra
80%
Liechtenstein
73%
Republic of the Congo
73%
Chad
71%
Paraguay
71%
Mongolia
68%
Bolivia
66%
Kyrgyzstan
66%
Luxembourg
66%
Mali
66%
Monaco
66%
Sweden
63%
Tajikistan
61%
Uzbekistan
59%
Central African Republic
54%
Belarus
49%
São Tomé and Príncipe
49%
Burundi
41%
Ivory Coast
41%
Guatemala
37%
Marshall Islands
22%

Score Distribution

Percentile by Number Answered

Percent of People with Each Score

Your Score History

You have not taken this quiz